000 00458nam a2200181Ia 4500
003 GCL
008 140319s9999 xx 000 0 aRus d
040 _aGCL /
_cGCL
082 0 4 _a863
_bD C
100 1 _aDE MOLINA, TRISO
245 1 0 _aCIGARRALES DE TOLEDO /
_cDE MOLINA, TRISO
260 _a[S.N] :
_bESPASA - CALPE ،
_c1963
300 _a240
650 0 4 _aLITERATURE
650 0 4 _aSPANISH LITERATURE
650 0 4 _aSPANISH FICTION
942 _2ddc
_cBK
999 _c12861
_d12861